Anteproyecto arquitectónico del centro de arte y cultura El Mestizaje de la ciudad de León

Presenta un anteproyecto arquitectónico de un centro de arte y cultura para el departamento de León, contiene inventario de los inmuebles patrimoniales de León, evaluación de modelo análogo nacional y un modelo análogo internacional retornando los mejores aspectos para aplicarlos al anteproyec...

Full description

Bibliographic Details
Main Authors: Méndez Bohórquez, Ana Gabriela del Carmen, Nájar Arbizú, Xilonem Patricia
Other Authors: Tutor: Medrano Aguirre, Pablo José
Format: Tesis Section = Libro
Language:Undetermined
Spanish
Published: Managua UNI 2011
Subjects:
LEADER 01119nam a2200241Ia 4500
008 240830s9999 xx 000 0 und d
040 |a BIBLIOTECA-RUSB/ Mon 725.8042 M538 
041 |a spa 
082 |a Mon 725.8042 M538 
100 1 |a Méndez Bohórquez, Ana Gabriela del Carmen 
100 1 |b  Nájar Arbizú, Xilonem Patricia 
245 1 0 |a Anteproyecto arquitectónico del centro de arte y cultura El Mestizaje de la ciudad de León 
260 |a Managua  |b UNI  |c 2011 
300 |a 109 p. :il. 
502 |a Tesis (Arquitecto) - UNI, 2011. 
520 3 |a Presenta un anteproyecto arquitectónico de un centro de arte y cultura para el departamento de León, contiene inventario de los inmuebles patrimoniales de León, evaluación de modelo análogo nacional y un modelo análogo internacional retornando los mejores aspectos para aplicarlos al anteproyecto de diseño. 
650 7 |a CENTROS CULTURALES 
650 7 |b  ESTABLECIMIENTO TURISTICO - CULTURAL 
650 7 |c  ARQUITECTURA - DISEÑO Y PLANOS 
700 1 |a Tutor:  |b Medrano Aguirre, Pablo José 
942 |c BK  |2 ddc 
991 |a TESIS 
999 |c 21308